| 000 | 02248nam0a2200385 4500 | ||
|---|---|---|---|
| 001 | RU\NLR\bibl\1106118 | ||
| 005 | 20260405134138.0 | ||
| 010 |
_a5-7812-0300-1 _9500 |
||
| 021 |
_aRU _b2007-36836 _91963 |
||
| 035 | _a(nilc)RSL-KNO-003126964 | ||
| 035 | _a(NLR Aleph) 001093179 | ||
| 090 |
_a1131260 _c1131260 |
||
| 100 | _a20070605d2006 |||y0rusy50 ca | ||
| 101 | 0 | _arus | |
| 102 | _aRU | ||
| 105 | _aa z ||||| | ||
| 200 | 1 |
_aДиагностика и выбор операции при перфоративных язвах желудка и двенадцатиперстной кишки _e[монография] _fВ. Н. Репин, С. Н. Поляков, М. С. Артмеладзе _gГос. образовательное учреждение высш. проф. образования Пермская гос. мед. акад. им. акад. Е. А. Вагнера Федерального агентства по здравоохранению и социальному развитию |
|
| 210 |
_aПермь _cГОУ ВПО ПГМА _d2006 |
||
| 215 |
_a99 с. _cил., табл. _d20 |
||
| 320 | _aБиблиогр.: с. 79-98 (172 назв.) | ||
| 606 | 1 |
_aПрободные гастродуоденальные язвы _92273238 _3RU\NLR\auth\661362409 |
|
| 610 | 0 | _aЗдравоохранение. Медицинские науки -- Хирургия -- Абдоминальная хирургия -- Хирургическая патология брюшной полости -- Хирургическая патология желудка и двенадцатиперстной кишки -- Хиргическое лечение язвенной болезни | |
| 686 |
_aР457.465.204.6,0 _2rubbk |
||
| 686 | _aР457.465.320.466 | ||
| 700 | 1 |
_aРепин _bВ. Н. _gВасилий Николаевич _4070 |
|
| 701 | 1 |
_4070 _7ca _8rus _aПоляков _bС. Н. _cканд. мед. наук _gСергей Николаевич _937638 _3RU\NLR\AUTH\7754706 |
|
| 701 | 1 |
_aАртмеладзе _bМ. С. _4070 |
|
| 801 | 0 |
_aRU _bРКП _c20070605 _grcr |
|
| 801 | 1 |
_aRU _bРГБ _c20070605 |
|
| 801 | 2 |
_aRU _bNLR _c20070709 _grcr |
|
| 942 | _cBOOK | ||
| 980 | _aNB | ||
| 980 | _aNBR | ||